Les différentes régions Pokémons - Statistiques

Statistiques générales
  • Ce quiz a été pris 29 fois
  • Le résultat moyen est 8 sur 9
Statistiques - réponses
Génération Régions % Correct
1 Kanto
100%
2 Johto
96%
4 Hisui / Sinnoh
92%
3 Hoenn
88%
8 Galar
84%
5 Unys
84%
7 Alola
80%
6 Kalos
76%
9 Paldea
68%
Aucun quiz correspondant
Distribution des résultats
% des personnes avec chaque résultat
Percentile par nombre de réponses
Votre historique - résultats
Vous n’avez pas pris ce quiz